D'où viennent les noms des navires de la Marine nationale ? - Statistiques

Statistiques générales
  • Ce quiz a été pris 130 fois
  • Le résultat moyen est 20 sur 58
Statistiques - réponses
Déplacement Port d'attache Provenance du nom Type de quiz Nom du navire % Correct
42 500 t Toulon Président français (1890-1970) PAN Charles de Gaulle
97%
21 500 t Toulon Vent provençal PHA Mistral
77%
6 278 t Brest Région française FREMM Bretagne
69%
6 278 t Brest Région française FREMM Normandie
65%
2 950 t Toulon Fleuve français BSAM Loire
62%
2 950 t Brest Fleuve français BSAM Rhône
62%
2 950 t Toulon Fleuve français BSAM Seine
62%
21 500 t Toulon Elément météorologique PHA Tonnerre
62%
6 278 t Brest Région française FREMM Aquitaine
58%
21 500 t Toulon Bataille de la Grande Guerre PHA Dixmude
58%
14 300 t L'Île Longue Adjectif qualificatif SNLE Le Terrible
57%
6 278 t Toulon Région française FREMM-DA Alsace
55%
6 278 t Toulon Région française FREMM Provence
53%
17 500 t Brest Rivière française BCR Somme
52%
6 278 t Brest Région française FREMM Auvergne
49%
2 950 t Brest Fleuve français BSAM Garonne
48%
6 278 t Toulon Région française FREMM-DA Lorraine
48%
2 670 t Toulon Pierre précieuse SNA Émeraude
47%
14 300 t L'Île Longue Adjectif qualificatif SNLE Le Triomphant
47%
6 278 t Toulon Région française FREMM Languedoc
44%
31 000 t Toulon Ingénieur naval (1921-2009) BRF Jacques Chevallier
43%
3 800 t Toulon Officier et homme politique français (1757-1834) FLF La Fayette
43%
14 300 t L'Île Longue Adjectif qualificatif SNLE Le Téméraire
43%
5 300 t Toulon Officier de Marine provençal (1729-1788) dit le bailli de ... SNA Suffren
40%
7 000 t Toulon Officier de Marine provençal (1597-1667) FDA Chevalier Paul
39%
2 670 t Toulon Concrétion calcaire de mollusque SNA Perle
38%
3 700 t Toulon Corsaire breton (1773-1827) FLF Surcouf
38%
14 300 t L'Île Longue Adjectif qualificatif SNLE Le Vigilant
36%
4 200 t Port-des-Galets Instrument de navigation PP Astrolabe
34%
7 000 t Toulon Officier de Marine provençal (1656-1733) FDA Forbin
32%
2 670 t Toulon Pierre fine SNA Améthyste
31%
21 000 t Brest Mathématicien et ministre de la Marine (1746-1818) BEM Monge
31%
2 950 t Fort-de-France Mois du calendrier révolutionnaire FS Ventôse
31%
2 950 t Port-des-Galets Mois du calendrier révolutionnaire FS Floréal
30%
3 800 t Toulon Fleur FLF Aconit
26%
3 800 t Toulon Officier de Marine picard (1827-1885) FLF Courbet
26%
2 950 t Nouméa Mois du calendrier révolutionnaire FS Vendémiaire
26%
5 300 t Toulon Officier de Marin breton (1673-1736) SNA Duguay-Trouin
25%
3 700 t Toulon Officier de Marine breton (1777-1857) FLF Guépratte
25%
2 950 t Fort-de-France Mois du calendrier révolutionnaire FS Germinal
23%
2 950 t Port-des-Galets Mois du calendrier révolutionnaire FS Nivôse
22%
2 950 t Papeete Mois du calendrier révolutionnaire FS Prairial
21%
1 600 t Toulon Vent intertropical BSP Alizé
12%
2 300 t Papeete Officier de marine et explorateur (1729-1811) BSAOM Bougainville
10%
1 100 t Port-des-Galets Adjectif qualificatif PSP Le Malin
10%
3 300 t Brest ingénieur hydrographe (1766-1854) BHO Beautemps-Beaupré
9%
2 300 t Port-des-Galets Navigateur et soldat français (v1570-1635) BSAOM Champlain
9%
3 600 t Brest Ingénieur militaire et parlementaire (1816-1885) BRE Dupuy-de-Lôme
9%
2 300 t Fort-de-France Officier de Marine normand (1790-1842) BSAOM Dumont d'Urville
6%
1 340 t Brest Officier de Marine (1913-1940) PHM Enseigne de vaisseau Jacoubet
6%
1 300 t Nouméa Résistant calédonien (1915-1993) POM Auguste Bénébig
5%
2 300 t Nouméa Officier de Marine provençal (1737-1793) BSAOM D'Entrecasteaux
5%
1 340 t Toulon Officier de Marine (1906-1942) PHM Commandant Birot
4%
1 340 t Brest Officier de Marine (1906-1942) PHM Commandant Blaison
4%
1 340 t Toulon Officier de Marine (1885-1940) PHM Commandant Ducuing
3%
1 100 t Hyères Fleuve français CTS Gapeau
3%
1 340 t Toulon Officier de Marine (1892-1939) PHM Commandant Bouan
1%
1 300 t Papeete Résistant polynésien (1875-1852) POM Teriieroo a Teriierooiterai
1%
Aucun quiz correspondant
Distribution des résultats
% des personnes avec chaque résultat
Percentile par nombre de réponses
Votre historique - résultats
Vous n’avez pas pris ce quiz